Pobres y ricos en la epístola de Santiago: el desafío de un cristianismo Profético
Guardat en:
| Autor principal: | |
|---|---|
| Format: | Llibre |
| Idioma: | espanyol |
| Publicat: |
Buenos Aires
Lumen
2005
|
| Edició: | 1a. ed |
| Matèries: | |
| Etiquetes: |
Afegir etiqueta
Sense etiquetes, Sigues el primer a etiquetar aquest registre!
|
MARC
| LEADER | 00000nam a2200000 a 4500 | ||
|---|---|---|---|
| 001 | UCJ2784 | ||
| 003 | CL-VaPUC | ||
| 008 | 070112e20051100AG |||||||||||||||||spa|d | ||
| 020 | |a 9870005365 | ||
| 082 | 0 | 4 | |a 284 |b KRU |2 21 |
| 100 | 0 | |a Krüger, René |e author |9 503754 | |
| 245 | 1 | 0 | |a Pobres y ricos en la epístola de Santiago: el desafío de un cristianismo Profético |
| 250 | |a 1a. ed | ||
| 300 | |a 398 p | ||
| 942 | |c BK | ||
| 945 | |d 20070112 00:00:00 |a lvergara | ||
| 260 | |a Buenos Aires |b Lumen |c 2005 | ||
| 650 | 0 | |a Cristianismo |9 257361 | |
| 650 | 0 | |a Protestantes |9 389935 | |
| 650 | 0 | |a Iglesias protestantes |9 313342 | |
| 583 | |a last modification |c 20070112 00:00:00 |k Rodrigo Vera | ||
| 999 | |c 318914 |d 318912 | ||
| 952 | |0 0 |1 0 |4 0 |6 284_000000000000000_KRU_2005 |7 0 |8 A |9 397112 |a BIBTEO |b BIBTEO |d 2019-11-22 |i 4261828 |o 284 KRU 2005 |p 4261828 |r 2024-01-18 |w 2019-11-22 |y BK |k ICR | ||